| 000 | 00576nam a22001577a 4500 | ||
|---|---|---|---|
| 999 |
_c61132 _d61132 |
||
| 005 | 20231221163218.0 | ||
| 008 | 231221s1962 ru ||||| |||| 00| 0 rus d | ||
| 041 | _arus | ||
| 080 | _a94(37)(082) X-91 | ||
| 245 |
_aХрестоматия по истории древнего Рима / _cРед. С.Л. Утченко. |
||
| 264 |
_aМ.: _bСоцэкгиз, _c1962. |
||
| 300 |
_a674 с.; _b22 см. |
||
| 653 | _aძველი რომის ისტორია | ||
| 700 |
_aУтченко, С.Л. _eრედაქტორი _920842 |
||
| 942 |
_2udc _cᲬᲘᲒᲜᲘ |
||